Statistics for Φαγητά που αρχίζουν από Ρ (με εικόνες)

Click here to take the quiz!

General Stats

  • This quiz has been taken 142 times
  • The average score is 11 of 16

Answer Stats

Answer% Correct
Ρόδι
98%
Ροδάκινο
96%
Ρίγανη
92%
Ραπανάκι
90%
Ρεβύθια
90%
Ρύζι
90%
Ρυζόγαλο
86%
Ροκφόρ
85%
Ρόκα
83%
Ραβιόλι
64%
Ρατατούι
60%
Ριγκατόνι
57%
Ράμεν
47%
Ρικότα
32%
Ρέβα
25%
Ραβέντι
6%

Score Distribution

Percentile by Number Answered

Percent of People with Each Score

Your Score History

You have not taken this quiz